| 000 | 00647nam a2200217 a 4500 | ||
|---|---|---|---|
| 001 | 000044563 | ||
| 005 | 20201002045450.0 | ||
| 008 | 140716s2000 mx 000 0 spa d | ||
| 020 | _a9706432523 | ||
| 040 |
_aDO-SdBNP _bspa _cBNPHU |
||
| 041 | 1 | 7 |
_aspa _heng |
| 082 |
_axxxx _bxxxx |
||
| 100 | 1 |
_aZelínski, Erníe J. _972582 |
|
| 240 | 1 | 0 |
_aDon't hurry, be happy! _lEspañol |
| 245 | 1 | 0 |
_aTómelo con calma / _cErníe J. Zelínskí ; traducción Silvia Peláes. |
| 260 |
_aMéxico : _bSelector, _c2000. |
||
| 300 | _a197 p. | ||
| 490 | 1 | _aSuperación personal | |
| 700 | 1 | 2 |
_aSilvia Peláes _etr. _972583 |
| 830 | 0 |
_aSuperación personal _972584 |
|
| 999 |
_c44052 _d44052 |
||